| 000 | 00488nmm a2200169Ia 4500 | ||
|---|---|---|---|
| 008 | 251105s9999||||xx |||||||||||||||||und|| | ||
| 020 | _a9789681663315 | ||
| 041 | _aspa | ||
| 100 | _aGarcía Barreto, David | ||
| 245 | 0 | _aHipertensión arterial | |
| 264 |
_a[México D.C., Mexico] : _bFondo de Cultura Económica, _c2013 |
||
| 300 | _a214 páginas | ||
| 490 | _aLa Ciencia para Todos | ||
| 650 | _aMedicine | ||
| 856 | _uhttps://public.digitaliapublishing.com/a/42945 | ||
| 942 | _cCF | ||
| 999 |
_c96916 _d96916 |
||